000 00423nam a2200169Ia 4500
003 GCL
008 140319s9999 xx 000 0 ara d
040 _aGCL /
_cGCL
082 0 4 _a152.4
_bس0ح
100 1 _aسهير حبيب
245 1 0 _aالحب /
_cسهير حبيب
260 _a[S.N] :
_bدار الثقافة العربية ،
_c1988
300 _a63 ص
490 _a
650 0 4 _aالحب
942 _2ddc
_cBK
999 _c53258
_d53258